00745cam a22002537a 4500003000500000005001700005008004100022010001000063011001000073020001800083035001100101040000900112082001500121100002400136245010700160260005600267300003700323650001300360650003100373650002900404650002000433650002000453650001800473CHAP20220817044214.0080326d2006 us a r 00110 eng d a94644 a95616 a9781578084265 a106244 cCHAP00a634.9bW641 aWojtkowski, Paul A.10aUndoing the damage :bsilviculture for ecologists and environmental scientistsc/by Paul A. Wojtkowski aEnfield, New Hampshire :bScience Publishers,c2006 aviii, 313 p. :bilus. ; gráfs.14aBosques.14aBosquesxAdministración.14aBosquesxPreservación.14aMedio ambiente.14aOrganización.14aSilvicultura.